[Event "Airthings Masters Div 2 L"]
[Site "chess.com INT"]
[Date "2023.02.07"]
[Round "1.1"]
[White "Pichot, Alan"]
[Black "Lazavik, Denis"]
[Result "1/2-1/2"]
[WhiteTitle "GM"]
[BlackTitle "GM"]
[WhiteElo "2638"]
[BlackElo "2541"]
[WhiteFideId "110973"]
[BlackFideId "13515110"]
[EventDate "2023.02.07"]

1. e4 e5 2. Nf3 Nc6 3. Bc4 Bc5 4. d3 Nf6 5. Bg5 h6 6. Bh4 Be7 7. Bg3 d6 8. a4 a5
9. h3 O-O 10. O-O Be6 11. Nbd2 Qd7 12. c3 Bxc4 13. Nxc4 Rfe8 14. Re1 Bf8 15. Qb3
b6 16. Rad1 g6 17. Bh4 Bg7 18. Ne3 Kh7 19. Qb5 Rac8 20. Bxf6 Bxf6 21. d4 exd4
22. cxd4 Rxe4 23. Nd5 Rxe1+ 24. Rxe1 Kg7 25. Kh2 Nb8 26. Qc4 Bd8 27. Nc3 c6 28.
d5 cxd5 29. Qxd5 Rc5 30. Qd3 d5 31. Rd1 d4 32. Nxd4 Bf6 33. Qe3 Qe7 34. Qxe7
Bxe7 35. Ndb5 Rc8 36. g3 h5 37. Kg2 Bc5 38. Ne4 Bb4 39. b3 Re8 40. Ned6 Re6 41.
Nc4 Na6 42. Nd4 Rf6 43. Rd3 Bc5 44. Nf3 Nb4 45. Rd7 Nc2 46. Nce5 Na1 47. Rd3 Re6
48. Rd7 Re7 49. Rd3 Nc2 50. Kf1 Nb4 51. Rd8 Nc2 52. Kg2 Na1 53. Rd3 Nc2 54. Rd8
Na1 55. Rd3 1/2-1/2

[Event "Airthings Masters Div 2 L"]
[Site "chess.com INT"]
[Date "2023.02.07"]
[Round "1.2"]
[White "Lazavik, Denis"]
[Black "Pichot, Alan"]
[Result "1-0"]
[WhiteTitle "GM"]
[BlackTitle "GM"]
[WhiteElo "2541"]
[BlackElo "2638"]
[WhiteFideId "13515110"]
[BlackFideId "110973"]
[EventDate "2023.02.07"]

1. d4 Nf6 2. c4 d6 3. Nf3 g6 4. Nc3 Bg7 5. g3 O-O 6. Bg2 c6 7. e4 Be6 8. Qe2 Bg4
9. h3 Bxf3 10. Bxf3 Nfd7 11. Be3 c5 12. d5 Ne5 13. Bg2 Qb6 14. Rd1 Qb4 15. Bf1
b5 16. cxb5 c4 17. Qc2 Rc8 18. a3 Qa5 19. f4 Ned7 20. h4 a6 21. h5 axb5 22. hxg6
hxg6 23. e5 dxe5 24. f5 Ra6 25. Bh3 b4 26. axb4 Qxb4 27. fxg6 Rxg6 28. Bf5 Rb6
29. Bxb6 Qxb6 30. Kf1 Rd8 31. Kg2 Nf6 32. g4 Na6 33. Qe2 Nb4 34. Qxc4 Qb7 35.
Be4 Qb6 36. g5 Ne8 37. g6 Nd6 38. gxf7+ Kxf7 39. Qe2 Rg8 40. Bh7 Rh8 41. Qh5+
Kf8 42. Rdf1+ Bf6 43. Qh6+ Ke8 44. Rxf6 exf6 45. Bg6+ Kd7 46. Qg7+ 1-0

[Event "Airthings Masters Div 2 L"]
[Site "chess.com INT"]
[Date "2023.02.07"]
[Round "1.1"]
[White "Dubov, Daniil"]
[Black "Sadhwani, Raunak"]
[Result "1/2-1/2"]
[WhiteTitle "GM"]
[BlackTitle "GM"]
[WhiteElo "2708"]
[BlackElo "2627"]
[WhiteFideId "24126055"]
[BlackFideId "35093487"]
[EventDate "2023.02.07"]

1. d4 Nf6 2. c4 e6 3. Nf3 d5 4. g3 Be7 5. Bg2 O-O 6. O-O dxc4 7. Qc2 b5 8. a4 b4
9. Nbd2 Bb7 10. Nxc4 c5 11. dxc5 Be4 12. Qd2 Nbd7 13. Nfe5 1/2-1/2

[Event "Airthings Masters Div 2 L"]
[Site "chess.com INT"]
[Date "2023.02.07"]
[Round "1.3"]
[White "Dubov, Daniil"]
[Black "Sadhwani, Raunak"]
[Result "1-0"]
[WhiteTitle "GM"]
[BlackTitle "GM"]
[WhiteElo "2708"]
[BlackElo "2627"]
[WhiteFideId "24126055"]
[BlackFideId "35093487"]
[EventDate "2023.02.07"]

1. Nf3 d5 2. g3 g6 3. Bg2 Bg7 4. O-O e5 5. d3 Nc6 6. Nc3 Nge7 7. e4 dxe4 8. dxe4
Bg4 9. Be3 Nd4 10. Bxd4 exd4 11. Ne2 Nc6 12. Nf4 O-O 13. h3 Bxf3 14. Bxf3 Ne5
15. Bg2 h5 16. h4 Qd6 17. Nd3 Qb6 18. Nxe5 Bxe5 19. Qd3 Bg7 20. f4 c5 21. b3 Qa6
22. Qxa6 bxa6 23. e5 Rad8 24. Be4 Rfe8 25. Bd3 a5 26. Kg2 Re7 27. Rae1 Rde8 28.
Bb5 Rd8 29. Bc4 Kf8 30. f5 Bxe5 31. fxg6 f6 32. Rf5 Kg7 33. Rxh5 Kxg6 34. g4 Kg7
35. Rf5 a4 36. g5 axb3 37. axb3 Rde8 38. Bb5 Rh8 39. Kh3 Rf7 40. Kg4 Bd6 41. Bc4
Rff8 42. Re6 1-0

[Event "Airthings Masters Div 2 L"]
[Site "chess.com INT"]
[Date "2023.02.07"]
[Round "1.1"]
[White "Deac, Bogdan-Daniel"]
[Black "Bluebaum, Matthias"]
[Result "0-1"]
[WhiteTitle "GM"]
[BlackTitle "GM"]
[WhiteElo "2700"]
[BlackElo "2663"]
[WhiteFideId "1226380"]
[BlackFideId "24651516"]
[EventDate "2023.02.07"]

1. e4 e6 2. Nf3 d5 3. d3 dxe4 4. dxe4 Qxd1+ 5. Kxd1 Bc5 6. Ke2 Nf6 7. Nc3 b6 8.
Nd2 Nc6 9. Nb3 Ba6+ 10. Kf3 Ne5+ 11. Kg3 Bxf1 12. Rxf1 Bb4 13. Nb5 O-O-O 14. a3
Be7 15. f3 a6 16. Nc3 Nc4 17. Kf2 a5 18. a4 Nd7 19. Ke2 Bf6 20. Nd1 Nde5 21. f4
Nc6 22. e5 Be7 23. Ne3 Nxe3 24. Bxe3 Nb4 25. c3 Nc2 26. Rad1 Nxe3 27. Kxe3 Kb7
28. Ke4 g6 29. Nd4 c6 30. Rd3 Rd5 31. Rfd1 h6 32. c4 Rdd8 33. g4 Kc7 34. f5
exf5+ 35. gxf5 Bc5 36. fxg6 Bxd4 37. g7 Rhg8 38. Rxd4 Rxd4+ 39. Rxd4 Rxg7 40.
Kf5 Rg2 41. Kf6 Rf2+ 42. Ke7 Re2 43. Rd7+ Kc8 44. Rd6 Rxe5+ 45. Kxf7 Rh5 46. Rd2
Rh4 47. Kg6 Kc7 48. Kg7 c5 49. Kg6 Kc6 50. b3 Rh3 51. Rf2 h5 52. Kg5 Rxb3 53.
Kxh5 Rb4 54. Rf4 Rxa4 55. Kg6 b5 56. Rf6+ Kb7 57. cxb5 Rh4 58. Rf2 Kb6 59. Kg5
Rh3 60. Kg4 Rh8 61. Rb2 a4 62. h4 a3 63. Rb1 a2 64. Ra1 Ra8 65. h5 Kxb5 66. h6
Kb4 67. h7 Kb3 68. Rf1 Rh8 69. Rf3+ Kb4 0-1

[Event "Airthings Masters Div 2 L"]
[Site "chess.com INT"]
[Date "2023.02.07"]
[Round "1.2"]
[White "Bluebaum, Matthias"]
[Black "Deac, Bogdan-Daniel"]
[Result "0-1"]
[WhiteTitle "GM"]
[BlackTitle "GM"]
[WhiteElo "2663"]
[BlackElo "2700"]
[WhiteFideId "24651516"]
[BlackFideId "1226380"]
[EventDate "2023.02.07"]

1. d4 f5 2. Nf3 Nf6 3. c4 g6 4. e3 e6 5. Be2 b6 6. Nc3 Bb7 7. O-O Bg7 8. b4 O-O
9. Bb2 Qe7 10. Qb3 d6 11. a4 a5 12. bxa5 Rxa5 13. Ba3 Nbd7 14. Nb5 c5 15. Bb2 e5
16. dxe5 dxe5 17. Bc3 Raa8 18. Nc7 Rab8 19. Rfd1 Ne4 20. Bb2 g5 21. Nd5 Qf7 22.
Nd2 Nd6 23. Qc2 g4 24. Nf1 Ne4 25. Ng3 Ndf6 26. Nxe4 Nxe4 27. Bxg4 fxg4 28. Qxe4
Qxf2+ 29. Kh1 Qxb2 30. Qxg4 Qf2 31. h3 Bxd5 32. Rxd5 Qxe3 33. Rd7 Qh6 34. Rad1
Qg6 35. Qe2 Rbe8 36. Qd2 e4 37. Qd5+ Kh8 38. Qb7 e3 39. Re1 e2 0-1

[Event "Airthings Masters Div 2 L"]
[Site "chess.com INT"]
[Date "2023.02.07"]
[Round "1.3"]
[White "Bluebaum, Matthias"]
[Black "Deac, Bogdan-Daniel"]
[Result "1-0"]
[WhiteTitle "GM"]
[BlackTitle "GM"]
[WhiteElo "2663"]
[BlackElo "2700"]
[WhiteFideId "24651516"]
[BlackFideId "1226380"]
[EventDate "2023.02.07"]

1. d4 d5 2. c4 e6 3. Nc3 a6 4. cxd5 exd5 5. a3 Be6 6. Bf4 Nf6 7. e3 c5 8. Nge2
Nc6 9. g3 h6 10. Bg2 Be7 11. Be5 cxd4 12. Bxd4 Nxd4 13. Qxd4 Rc8 14. Rd1 O-O 15.
O-O Rc4 16. Qd2 b5 17. Qd3 Qc8 18. Nf4 d4 19. Ncd5 Nxd5 20. Bxd5 Rd8 21. Bxe6
fxe6 22. Qg6 Bf6 23. exd4 Rdxd4 24. Rxd4 Rxd4 25. Re1 e5 26. Nh5 Qd8 27. Qc2 Kf7
28. b3 Qd5 29. a4 bxa4 30. bxa4 Qc4 31. Qf5 Qd3 32. Qc8 Qc4 33. Qf5 Qd3 34. Qc8
Qc4 35. Qa8 Qxa4 36. Nxf6 gxf6 37. Qh8 Rd1 38. Qh7+ Ke6 39. Qg8+ Ke7 40. Qg7+
Ke8 41. Qg6+ Ke7 42. Qg7+ Ke8 43. Qg8+ Ke7 44. Rxd1 Qxd1+ 45. Kg2 h5 46. Qg7+
Ke6 47. Qg8+ Ke7 48. Qa8 Qd3 49. h3 Kf7 50. Qh8 Kg6 51. Qg8+ Kh6 52. Qh8+ Kg6
53. Qg8+ Kh6 54. Qf7 Qe4+ 55. Kg1 Qe1+ 56. Kg2 Qe4+ 57. Kh2 Qf3 58. Qf8+ Kg6 59.
Qg8+ Kh6 60. Qf8+ Kg6 61. Qg8+ Kh6 62. Qa2 e4 63. Qd2+ Kg6 64. Kg1 h4 65. gxh4
Qxh3 66. Qf4 Qf3 67. Qd6 e3 68. Qd3+ Kh6 69. fxe3 a5 70. Qd2 a4 71. e4+ Kh5 72.
Qe1 1-0

[Event "Airthings Masters Div 2 L"]
[Site "chess.com INT"]
[Date "2023.02.07"]
[Round "1.1"]
[White "Ghosh, Diptayan"]
[Black "Kramnik, Vladimir"]
[Result "0-1"]
[WhiteTitle "GM"]
[BlackTitle "GM"]
[WhiteElo "2553"]
[BlackElo "2753"]
[WhiteFideId "5045207"]
[BlackFideId "4101588"]
[EventDate "2023.02.07"]

1. d4 Nf6 2. c4 e6 3. Nf3 Bb4+ 4. Bd2 Bxd2+ 5. Qxd2 O-O 6. g3 d5 7. Bg2 c6 8.
O-O Nbd7 9. Rc1 Qe7 10. Qe3 Re8 11. Ne5 Nxe5 12. dxe5 Ng4 13. Qf4 h5 14. h3 g5
15. Qd4 c5 16. Qd2 Nxe5 17. cxd5 exd5 18. Nc3 Be6 19. Nxd5 Bxd5 20. Qxd5 b6 21.
Rd1 Rad8 22. Qe4 Qf6 23. Qa4 a5 24. Qb3 h4 25. g4 Rd4 26. e3 Rb4 27. Qc3 Rxb2
28. Qe1 c4 29. Be4 Nxg4 30. hxg4 Rxe4 31. Rd4 Qxd4 32. exd4 Rxe1+ 33. Rxe1 Rxa2 0-1

[Event "Airthings Masters Div 2 L"]
[Site "chess.com INT"]
[Date "2023.02.07"]
[Round "1.2"]
[White "Kramnik, Vladimir"]
[Black "Ghosh, Diptayan"]
[Result "1/2-1/2"]
[WhiteTitle "GM"]
[BlackTitle "GM"]
[WhiteElo "2753"]
[BlackElo "2553"]
[WhiteFideId "4101588"]
[BlackFideId "5045207"]
[EventDate "2023.02.07"]

1. d4 Nf6 2. Nf3 d5 3. c4 e6 4. e3 b6 5. Nc3 Bb7 6. cxd5 exd5 7. Bb5+ c6 8. Bd3
Be7 9. O-O O-O 10. e4 dxe4 11. Nxe4 Nbd7 12. Ng3 c5 13. Nf5 cxd4 14. Nxe7+ Qxe7
15. Nxd4 Nc5 16. Nf5 Qc7 17. Bg5 Nfe4 18. Bxe4 Bxe4 19. Qd6 Qb7 20. Nxg7 Kxg7
21. Bh6+ Kg8 22. Qf6 Ne6 23. f3 Bg6 24. Bxf8 Rxf8 25. Rad1 Qc7 26. Kh1 Qc2 27.
h4 h5 28. Rfe1 Ng7 29. Rd5 Kh7 30. Kh2 Qa4 31. a3 Rc8 32. Re7 Rc4 33. Kg3 Rc6
34. Qf4 Qc2 35. Kh2 Rc4 36. Qf6 Qf2 37. Kh3 Rc1 38. Kh2 Rc4 39. Kh3 Rc1 40. Kh2
Rc2 41. Qg5 Qxf3 42. Rd2 Rxd2 43. Qxd2 Qf6 44. Rxa7 Qxh4+ 45. Kg1 Ne6 46. Qf2
Qg5 47. Rd7 Nf4 48. Kh2 Ne6 49. Rd2 b5 50. Kg1 h4 51. Kh2 Kg7 52. Re2 Nf4 53.
Rd2 Kh7 54. Rd4 Nxg2 55. Rb4 Ne3 56. Qxh4+ Qxh4+ 57. Rxh4+ Kg7 58. Rb4 Kf6 59.
Rxb5 Ke6 60. a4 Kd6 61. a5 Kc6 62. Rb3 Nd5 63. a6 Nc7 64. a7 Be4 65. Rb8 Kd7 66.
b4 Na8 67. b5 Kc7 68. Kg3 f5 69. Kf4 Nb6 70. Rxb6 Kxb6 71. a8=Q Bxa8 72. Kxf5
Kxb5 1/2-1/2

[Event "Airthings Masters Div 2 L"]
[Site "chess.com INT"]
[Date "2023.02.08"]
[Round "2.1"]
[White "Salem, A.R. Saleh"]
[Black "Lazavik, Denis"]
[Result "1/2-1/2"]
[WhiteTitle "GM"]
[BlackTitle "GM"]
[WhiteElo "2677"]
[BlackElo "2541"]
[WhiteFideId "9301348"]
[BlackFideId "13515110"]
[EventDate "2023.02.07"]

1. d4 Nf6 2. c4 e6 3. Nc3 Bb4 4. e3 O-O 5. Bd3 c5 6. Ne2 cxd4 7. exd4 d5 8. cxd5
Nxd5 9. O-O Nc6 10. a3 Bd6 11. Re1 Qh4 12. g3 Qh5 13. Nxd5 exd5 14. Bf4 Rd8 15.
Qd2 Be7 16. Bc7 Rf8 17. Nf4 Bg5 18. Bd6 Rd8 19. Bc7 Rf8 20. Bd6 Rd8 21. Bc7 Rf8 1/2-1/2

[Event "Airthings Masters Div 2 L"]
[Site "chess.com INT"]
[Date "2023.02.08"]
[Round "2.2"]
[White "Lazavik, Denis"]
[Black "Salem, A.R. Saleh"]
[Result "1/2-1/2"]
[WhiteTitle "GM"]
[BlackTitle "GM"]
[WhiteElo "2541"]
[BlackElo "2677"]
[WhiteFideId "13515110"]
[BlackFideId "9301348"]
[EventDate "2023.02.07"]

1. d4 Nf6 2. c4 g6 3. g3 c6 4. Nf3 Bg7 5. Bg2 d5 6. O-O O-O 7. Qa4 Bf5 8. Nc3
Nbd7 9. cxd5 cxd5 10. Qb3 Nb6 11. Bf4 Ne4 12. Rfc1 Qd7 13. Ne5 Bxe5 14. Bxe5
Rfc8 15. Nxe4 Bxe4 16. f3 Bf5 17. g4 Be6 18. Bf4 Nc4 19. Rc3 Rc6 20. Qc2 Rac8
21. Qc1 b5 22. a3 Na5 23. Rxc6 Rxc6 24. Qd1 Qc8 25. Rc1 Nc4 26. Qb3 a6 27. Qb4
Qb7 28. b3 Nd6 29. Rxc6 Qxc6 30. Qc5 Bd7 31. Kf2 f6 32. Bd2 Kf7 33. Bb4 g5 34.
e3 h6 35. Qxc6 Bxc6 36. Bxd6 exd6 37. b4 Bd7 38. Kg3 Be6 39. f4 Ke7 40. Bf1 Kd8
41. Bd3 Kc7 42. h3 Kc6 43. Bg6 Kc7 44. f5 Bd7 45. Bf7 Bc6 46. Be6 Kb6 47. Kf3
Kc7 48. Kg3 Kb6 49. Kf3 Kc7 50. Kg3 1/2-1/2

[Event "Airthings Masters Div 2 L"]
[Site "chess.com INT"]
[Date "2023.02.08"]
[Round "2.3"]
[White "Salem, A.R. Saleh"]
[Black "Lazavik, Denis"]
[Result "0-1"]
[WhiteTitle "GM"]
[BlackTitle "GM"]
[WhiteElo "2677"]
[BlackElo "2541"]
[WhiteFideId "9301348"]
[BlackFideId "13515110"]
[EventDate "2023.02.07"]

1. d4 Nf6 2. c4 e6 3. Nc3 Bb4 4. a3 Bxc3+ 5. bxc3 c5 6. f3 d5 7. cxd5 Nxd5 8.
dxc5 Qa5 9. e4 Nf6 10. Be3 O-O 11. Kf2 Nfd7 12. a4 Nxc5 13. Bb5 Qc7 14. a5 Rd8
15. Qc2 e5 16. h4 Be6 17. Nh3 f6 18. g4 Nbd7 19. Kg2 a6 20. Be2 Nb3 21. Rag1 Nd4
22. Qb2 Nxe2 23. Qxe2 Qxc3 24. g5 Qxa5 25. h5 Qa2 26. Qxa2 Bxa2 27. h6 g6 28.
Rd1 Be6 29. Rd6 Nf8 30. Rb6 Rd7 31. Nf2 fxg5 32. Bxg5 a5 33. Bf6 a4 34. Bxe5 a3
35. Bg7 a2 36. Ra1 Kf7 37. Kg3 Ra6 38. Rb2 Rc6 39. Kf4 Rc5 40. Ke3 Ra5 41. Rb6
Ra3+ 42. Kf4 g5+ 43. Kg3 Ng6 44. Rxe6 Kxe6 45. Nh3 Rxg7 46. Nxg5+ Kf6 47. hxg7
Kxg7 48. Ne6+ Kf6 49. Nd4 Ne5 50. Kg2 Rd3 51. Nf5 Nxf3 52. Rxa2 Rd2+ 0-1

[Event "Airthings Masters Div 2 L"]
[Site "chess.com INT"]
[Date "2023.02.08"]
[Round "2.1"]
[White "Andreikin, Dmitry"]
[Black "Dubov, Daniil"]
[Result "0-1"]
[WhiteTitle "GM"]
[BlackTitle "GM"]
[WhiteElo "2729"]
[BlackElo "2708"]
[WhiteFideId "4158814"]
[BlackFideId "24126055"]
[EventDate "2023.02.07"]

1. e4 e5 2. Nf3 Nc6 3. Bc4 Nf6 4. d3 Be7 5. Nc3 O-O 6. O-O d6 7. a3 Bg4 8. h3
Bxf3 9. Qxf3 Nd4 10. Qd1 c6 11. Ba2 Ne6 12. Qf3 Nd4 13. Qd1 Ne6 14. Bd2 Re8 15.
Qf3 Nd4 16. Qd1 Ne6 17. Ne2 d5 18. Ng3 Bc5 19. b4 Bb6 20. c4 dxc4 21. Bxc4 g6
22. Kh1 Kg7 23. Rb1 h5 24. b5 Qe7 25. bxc6 bxc6 26. Bb4 Qd7 27. Ne2 Rad8 28. Bc3
Nc5 29. f4 Nxd3 30. Qxd3 Qxd3 31. Bxd3 Rxd3 32. Bxe5 Rxa3 33. Rf3 Ra4 34. Nc3
Rc4 35. Rd1 Bc5 36. Kh2 a5 37. Rb1 Bb4 38. Rd3 h4 39. Na2 Rxe4 40. Nxb4 axb4 41.
Rd6 Re6 42. Rxe6 fxe6 43. Rc1 Kf7 44. Rxc6 Nd5 45. Ra6 g5 46. Ra7+ Ke8 47. Ra8+
Kd7 48. Ra7+ Kc6 49. Ra6+ Kb5 50. Rxe6 gxf4 51. Re8 Nb6 52. Kg1 b3 53. Kf2 b2 0-1

[Event "Airthings Masters Div 2 L"]
[Site "chess.com INT"]
[Date "2023.02.08"]
[Round "2.2"]
[White "Dubov, Daniil"]
[Black "Andreikin, Dmitry"]
[Result "1/2-1/2"]
[WhiteTitle "GM"]
[BlackTitle "GM"]
[WhiteElo "2708"]
[BlackElo "2729"]
[WhiteFideId "24126055"]
[BlackFideId "4158814"]
[EventDate "2023.02.07"]

1. d4 g6 2. e4 Bg7 3. Nf3 d6 4. Nc3 a6 5. a4 Nf6 6. Be2 O-O 7. O-O Nc6 8. Be3
Ng4 9. Bc1 e5 10. dxe5 Ngxe5 11. Nxe5 dxe5 12. Qxd8 Rxd8 13. Bg5 Rd7 14. Nd5 Nd4
15. Bd3 b6 16. Nf6+ Bxf6 17. Bxf6 Nc6 18. Rfd1 Rd6 19. Bg5 Be6 20. Bf1 Rxd1 21.
Rxd1 Kg7 22. Be3 f6 23. f3 g5 24. Kf2 Kf7 25. Be2 h6 26. h4 a5 27. Rh1 Kg7 28.
g3 Nd4 29. Bd1 Rd8 30. hxg5 hxg5 31. f4 g4 32. f5 Bf7 33. c3 Nf3 34. Bxf3 gxf3
35. Kxf3 Bb3 36. g4 Bd1+ 37. Kf2 Bc2 38. Kf3 Bxa4 39. g5 fxg5 40. Bxg5 Rd3+ 41.
Kf2 Bc6 42. Rh6 Bxe4 43. Rg6+ Kf7 44. Rf6+ Kg8 45. Rg6+ Kf7 46. Rf6+ Ke8 47.
Re6+ Kd7 48. Rxe5 Rf3+ 49. Ke2 Rxf5 50. Rxf5 Bxf5 51. c4 a4 52. Kd2 c5 53. Kc3
Kc6 54. Bh4 Be6 55. Bg5 Bxc4 56. Kxc4 b5+ 57. Kc3 Kd5 58. b4 c4 59. Bc1 Ke4 60.
Ba3 Ke3 61. Bb2 Ke2 62. Ba3 Kd1 63. Bb2 Ke2 64. Ba3 Ke1 65. Bb2 Kd1 66. Ba3 Ke2
67. Bb2 Kd1 68. Ba3 Ke2 69. Bb2 Kd1 1/2-1/2

[Event "Airthings Masters Div 2 L"]
[Site "chess.com INT"]
[Date "2023.02.08"]
[Round "2.1"]
[White "Kravtsiv, Martyn"]
[Black "Bluebaum, Matthias"]
[Result "0-1"]
[WhiteTitle "GM"]
[BlackTitle "GM"]
[WhiteElo "2598"]
[BlackElo "2663"]
[WhiteFideId "14113147"]
[BlackFideId "24651516"]
[EventDate "2023.02.07"]

1. e4 e6 2. d4 d5 3. Nc3 Nf6 4. Bg5 dxe4 5. Nxe4 Be7 6. Nxf6+ Bxf6 7. Bxf6 Qxf6
8. Nf3 O-O 9. Qd3 Bd7 10. O-O-O Rd8 11. Qc3 Nc6 12. Bd3 Rac8 13. Be4 Qf4+ 14.
Qe3 Qxe3+ 15. fxe3 b6 16. b3 Ne7 17. Kb2 f6 18. Rhe1 Be8 19. Bd3 c5 20. Rd2 Bf7
21. Ba6 Rb8 22. Red1 cxd4 23. Rxd4 Nc6 24. Rxd8+ Rxd8 25. Rxd8+ Nxd8 26. Nd4 Be8
27. a4 Kf7 28. Bb5 e5 29. Nf5 Bxb5 30. axb5 Nb7 31. c4 g6 32. Ng3 f5 33. Kc3 Ke6
34. b4 Nd6 35. Kd3 h5 36. h4 Kf6 37. Ne2 g5 38. hxg5+ Kxg5 39. Nc3 Nb7 40. Nd5
h4 41. Ke2 Kg4 42. Kf1 Nd6 43. c5 bxc5 44. bxc5 Nxb5 45. c6 a5 46. Nc3 Nc7 47.
Kf2 e4 48. Na4 f4 49. Nc3 Kf5 50. Ke2 Ke5 51. Kf2 fxe3+ 52. Kxe3 Kd6 53. Nxe4+
Kxc6 54. Kd4 Ne6+ 55. Kc4 Kb6 56. Kc3 Kb5 57. Nd6+ Kc5 58. Nf5 a4 59. Nxh4 Nd4
60. Nf3 Nb5+ 61. Kb2 Kb4 62. Ne1 a3+ 63. Ka1 Kb3 64. g4 Nd4 65. g5 a2 66. g6 Ka3 0-1

[Event "Airthings Masters Div 2 L"]
[Site "chess.com INT"]
[Date "2023.02.08"]
[Round "2.2"]
[White "Bluebaum, Matthias"]
[Black "Kravtsiv, Martyn"]
[Result "1/2-1/2"]
[WhiteTitle "GM"]
[BlackTitle "GM"]
[WhiteElo "2663"]
[BlackElo "2598"]
[WhiteFideId "24651516"]
[BlackFideId "14113147"]
[EventDate "2023.02.07"]

1. d4 g6 2. c4 Bg7 3. e4 c6 4. Nc3 d6 5. h3 a6 6. a4 a5 7. Nf3 Na6 8. Be2 Qc7 9.
O-O e5 10. Be3 Nf6 11. Qd2 O-O 12. Rad1 Re8 13. Bd3 Nh5 14. Rfe1 Be6 15. b3 Rad8
16. Bc2 Bd7 17. Bg5 f6 18. Be3 g5 19. Ne2 Nb4 20. Bb1 Nf4 21. Ng3 Bc8 22. Nf5 h6
23. Qc1 Bf8 24. Kh2 Kh8 25. g3 Ng6 26. Qc3 exd4 27. N3xd4 Ne5 28. Kg2 c5 29. Nb5
Qf7 30. f4 Bxf5 31. fxe5 Bg6 32. Nxd6 Bxd6 33. exd6 Re5 34. Rf1 Qe6 35. d7 Kg7
36. Rf2 Bxe4+ 37. Bxe4 Rxe4 38. Bxc5 Qc6 39. Qf3 f5 40. Bd4+ Kg8 41. Ba1 Rxd7
42. Rxd7 Qxd7 43. Qc3 Re6 44. Qh8+ Kf7 45. Rxf5+ Kg6 46. Rf6+ Rxf6 47. Qxf6+ Kh7
48. Qh8+ Kg6 49. Qf6+ Kh7 50. Qh8+ Kg6 51. Qf6+ 1/2-1/2

[Event "Airthings Masters Div 2 L"]
[Site "chess.com INT"]
[Date "2023.02.08"]
[Round "2.1"]
[White "Nepomniachtchi, Ian"]
[Black "Kramnik, Vladimir"]
[Result "1/2-1/2"]
[WhiteTitle "GM"]
[BlackTitle "GM"]
[WhiteElo "2793"]
[BlackElo "2753"]
[WhiteFideId "4168119"]
[BlackFideId "4101588"]
[EventDate "2023.02.07"]

1. e4 e6 2. d4 d5 3. Nd2 c5 4. Ngf3 cxd4 5. Nxd4 Nc6 6. Bb5 Bd7 7. Nxc6 Bxc6 8.
Bxc6+ bxc6 9. c4 Nf6 10. Qa4 Qc7 11. exd5 exd5 12. O-O Be7 13. cxd5 Nxd5 14. Nf3
O-O 15. Bd2 Bf6 16. Rab1 Rfe8 17. b3 Re6 18. Rbe1 Rae8 19. Rxe6 Rxe6 20. Rc1 Qd7
21. h3 h5 22. Qc4 g6 23. a4 Nb6 24. Qc2 Nd5 25. a5 Qb7 26. Qc4 a6 27. Nd4 Bxd4
28. Qxd4 Qxb3 29. Bh6 Nf6 30. Qc5 Qb8 31. Qb6 Qc8 32. Qa7 Qe8 33. Be3 Nd5 34.
Rb1 Rd6 35. Bc5 Rd8 36. Qxa6 Ra8 37. Qc4 Rxa5 38. Bd4 Ra8 39. Rc1 Nf4 40. Be3
Nd5 41. Bd4 Nf4 42. Be3 Nd5 43. Bd4 1/2-1/2

[Event "Airthings Masters Div 2 L"]
[Site "chess.com INT"]
[Date "2023.02.08"]
[Round "2.2"]
[White "Kramnik, Vladimir"]
[Black "Nepomniachtchi, Ian"]
[Result "1-0"]
[WhiteTitle "GM"]
[BlackTitle "GM"]
[WhiteElo "2753"]
[BlackElo "2793"]
[WhiteFideId "4101588"]
[BlackFideId "4168119"]
[EventDate "2023.02.07"]

1. d4 Nf6 2. Nf3 e6 3. e3 d5 4. Bd3 b6 5. O-O Bb7 6. Nbd2 Bd6 7. c4 Nbd7 8. b3
O-O 9. Bb2 Ne4 10. Rc1 f5 11. cxd5 exd5 12. Ne5 Bxe5 13. dxe5 c5 14. f3 Ng5 15.
Qc2 g6 16. Nc4 Qe7 17. Rcd1 Bc6 18. f4 Ne4 19. Bxe4 fxe4 20. Nd6 Rad8 21. b4 Ba8
22. bxc5 bxc5 23. Nxe4 dxe4 24. Qc4+ Kg7 25. Rxd7 Rxd7 26. e6+ Kh6 27. exd7 Qxd7
28. Qxc5 Rf5 29. Be5 Rf7 30. h3 Qd5 31. Qc8 Bb7 32. Qg4 Rf5 33. Qh4+ Rh5 34. Qe7 1-0

[Event "Airthings Masters Div 2 L"]
[Site "chess.com INT"]
[Date "2023.02.08"]
[Round "3.1"]
[White "Lazavik, Denis"]
[Black "Dubov, Daniil"]
[Result "1-0"]
[WhiteTitle "GM"]
[BlackTitle "GM"]
[WhiteElo "2541"]
[BlackElo "2708"]
[WhiteFideId "13515110"]
[BlackFideId "24126055"]
[EventDate "2023.02.07"]

1. d4 d5 2. c4 e6 3. Nf3 Nf6 4. Nc3 Be7 5. Bg5 h6 6. Bh4 O-O 7. e3 b6 8. Qb3 Bb7
9. Bxf6 Bxf6 10. cxd5 exd5 11. Rd1 Re8 12. Bd3 c5 13. dxc5 Nd7 14. O-O Nxc5 15.
Qc2 Qe7 16. Nd4 Bxd4 17. exd4 Nxd3 18. Qxd3 Qb4 19. Qd2 Re6 20. a3 Qe7 21. Rfe1
Re8 22. Rxe6 Qxe6 23. h3 Bc6 24. Qf4 g5 25. Qf3 Kg7 26. Kh2 Qd6+ 27. Qg3 Qf6 28.
Kg1 Re7 29. Qd3 h5 30. Kf1 h4 31. Re1 Rxe1+ 32. Kxe1 Qf4 33. Qd2 Qf5 34. f3 Bd7
35. Kf2 Kg6 36. Nd1 Be6 37. Ne3 Qf4 38. Qd3+ Kg7 39. Nf1 a5 40. Qe3 Qf6 41. Nd2
Bf5 42. Ke1 Bg6 43. Nf1 Qd8 44. Kf2 f6 45. Qc3 Qd6 46. Ne3 Qg3+ 47. Ke2 Qd6 48.
Qb3 Qc7 49. Qxd5 Bf7 50. Qe4 Qc1 51. Qc2 Qg1 52. d5 Bxd5 53. Nf5+ 1-0

[Event "Airthings Masters Div 2 L"]
[Site "chess.com INT"]
[Date "2023.02.08"]
[Round "3.2"]
[White "Dubov, Daniil"]
[Black "Lazavik, Denis"]
[Result "0-1"]
[WhiteTitle "GM"]
[BlackTitle "GM"]
[WhiteElo "2708"]
[BlackElo "2541"]
[WhiteFideId "24126055"]
[BlackFideId "13515110"]
[EventDate "2023.02.07"]

1. d4 Nf6 2. Nf3 d5 3. Bg5 c5 4. Bxf6 gxf6 5. dxc5 e6 6. e3 Bxc5 7. Be2 Nc6 8.
O-O O-O 9. c4 d4 10. b4 Bxb4 11. exd4 Ne7 12. Qb3 Ba5 13. Nc3 Ng6 14. Rfd1 f5
15. Bf1 Qf6 16. Rac1 Rd8 17. c5 Rb8 18. Nb5 Bd7 19. Nxa7 Bc7 20. g3 h5 21. Nb5
Bxb5 22. Bxb5 f4 23. Kg2 fxg3 24. fxg3 h4 25. Qe3 hxg3 26. hxg3 Ne7 27. Bd3 Nd5
28. Qe4 Qg7 29. Ne5 f5 30. Qf3 Bxe5 31. dxe5 f4 32. Rd2 Ne3+ 33. Kg1 Qxg3+ 34.
Qxg3+ fxg3 35. Rc3 Rbc8 36. c6 bxc6 37. Re2 Nd5 38. Rc4 Nf4 39. Bh7+ Kxh7 40.
Rxf4 Rf8 41. Rh4+ Kg6 42. Rg4+ Kf5 43. Ree4 Rcd8 44. Kg2 Rh8 45. Rgf4+ Kg5 46.
Rf3 Rh4 47. Rxg3+ Kh5 48. Re2 Rg4 49. Rxg4 Kxg4 50. a4 Ra8 51. Re4+ Kf5 52. Kf3
Ra5 53. Rh4 c5 54. Rh5+ Kg6 55. Rh4 Kf5 56. Re4 Ra8 57. Ke3 Rh8 58. Kd3 Rh3+ 59.
Re3 Rxe3+ 60. Kxe3 Kxe5 61. a5 Kd5 62. Kd3 Kc6 63. a6 e5 64. Kc4 e4 0-1